000 00396pab a2200145 454500
008 180718b1998 xxu||||| |||| 00| 0 eng d
100 _aFoote, Christopher L.
245 _aTrend employment growth and the bunching of job creation and destruction
260 _c1998
300 _ap.809-34
362 _aAug
650 _aEmployment
773 _aQuarterly Journal of Economics
909 _a38585
999 _c38585
_d38585